Soukromé zboží, nebo veřejná služba? Přístupy k roli státu ve zdravotnictví

Problematika práva na zdravie v medicínskom zmysle. Zdravotné služby ako spotreba. Zdravotníctvo, sociálna politika a etika. Prehľad rôzných prístupov k právu na zdravie. Sociálne aspekty spotreby zdravotnej starostlivosti. Diskusia a štandarde zdravotnej starostlivosti. Zmena úlohy štátu v zdravotn...

Descrizione completa

Salvato in:
Dettagli Bibliografici
Autore principale: Mertl, Jan
Natura: Capitolo di libro
Lingua:ceco
Soggetti:
Tags: Aggiungi Tag
Nessun Tag, puoi essere il primo ad aggiungerne!!

MARC

LEADER 00000naa$a2200000$$$4500
001 0093830
005 20220818114920.7
041 0 |a cze 
044 |a CZ 
245 1 0 |a Soukromé zboží, nebo veřejná služba? Přístupy k roli státu ve zdravotnictví  |c Jan Mertl 
520 |a Problematika práva na zdravie v medicínskom zmysle. Zdravotné služby ako spotreba. Zdravotníctvo, sociálna politika a etika. Prehľad rôzných prístupov k právu na zdravie. Sociálne aspekty spotreby zdravotnej starostlivosti. Diskusia a štandarde zdravotnej starostlivosti. Zmena úlohy štátu v zdravotníctve. Vymedzenie priestoru pre úlohu štátu. 
610 2 0 |a zdravotníctvo verejné 
610 2 0 |a ochrana zdravia 
610 2 0 |a poistenie zdravotné 
610 2 0 |a štát 
610 2 0 |a financie verejné 
610 2 0 |a etika sociálna 
100 1 |a Mertl, Jan